01261nam a2200253 a 450000100100000000500170001000800410002702000180006804000250008610000370011124501450014825000110029326000750030430000210037950000730040070000350047370000310050804900090053995201200054895201060066895201110077495201050088599900170099000003389920240306073910.0110914s2010 dr 000 0 spa d a9789592710818 aDO-SdBNPbspacBNPHU1 aMartí, José,d1853-1895964510aJosé Martí y el equilibrio del mundo /cEstudio introductorio Armando Hart Dávalos ; Selección y notas Centro de Estudios Martianos. a3a ed. aSanto Domingo :bComisión Permanente de Efemérides Patrias,c2010. a275 p. ;c23 cm. aIncluye referencias bibliográficas y notas al pie de las páginas1 aHart Dávalos, Armando9502411 aMartianos, Estudios959339 aBNPD 001054708DSaGRbGRcCTd2011-09-14iLF1l0o p33899-30r2020-06-25te. 3w2020-06-25yLFDSZPréstamo en sala 00107-18PDaGRbGRcOId2011-09-14iLF1l0o p33899-40r2020-06-25w2020-06-25yLFPDZNo se presta 0010718PDaPDbPDcCTd2011-09-14iLF1l0o p33899-10r2020-06-25te. 2w2020-06-25yLFPDZNo se presta 0010718PDaPDbPDcCTd2011-09-14iLF1l0o p33899-20r2020-06-25w2020-06-25yLFPDZNo se presta c33390d33390